ბათუმის შოთა რუსთაველის სახელმწიფო უნივერსიტეტის ბიბლიოთეკა

ლაქტატ - აციდოზის და მიტოქონდრიების ფუნქციური უკმარისობის როლი ნევროლოგიური სინდრომების და დაავადებების განვითარებაში / (ბიბ.ჩანაწერი № 51728)

000 -ლიდერი
ფიქსირებული სიგრძის საკონტროლო ველი 01913nam a2200265Ia 4500
001 - საკონტროლო ნომერი
საკონტროლო ველი 18720
003 - საკონტროლო ნომრის იდენტიფიკატორი
საკონტროლო ველი GE_BSU
005 - ბოლო ოპერაციის თარიღი და დრო
საკონტროლო ველი 20210406120817.0
008 - ფიქსირებული სიგრძის მონაცემთა ელემენტები - ზოგადი ინფორმაცია
ფიქსირებული სიგრძის საკონტროლო ველი 181216s2016||||ge |||||||||||||| ||geo||
040 ## - კატალოგიზაციის წყარო
Transcribing agency GE_BSU
041 ## - ენის კოდი
Language code of text/sound track or separate title geo
080 ## - უნივერსალური ათობითი კლასიფიკაციის ინდექსი
Universal Decimal Classification number 61 ა-79
100 ## - მთავარი ჩანაწერი - პიროვნების სახელი
Personal name არველაძე, გვანცა
9 (RLIN) 11091
245 ## - ცნობა სათაურის შესახებ
Title ლაქტატ - აციდოზის და მიტოქონდრიების ფუნქციური უკმარისობის როლი ნევროლოგიური სინდრომების და დაავადებების განვითარებაში /
Remainder of title გვანცა არველაძე; სამეცნიერო ხელმძღვანელი: ნათელა გელაძე; თბილისის სახელმწიფო სამედიცინო უნივერსიტეტი.
264 ## - წარმოების, გამოცემის, დისტრიბუციის და სხვა ცნობები
გამოცემის, წარმოების, დისტრიბუციის... ადგილი თბილისი :
გამოცემის, წარმოების, დისტრიბუციის... სახელწოდება თბილისის სახელმწ. უნ-ტის გამ-ბა,
გამოცემის, წარმოების, დისტრიბუციის... თარიღი 2016.
300 ## - ფიზიკური აღწერა
Extent 123 გვ.
Other physical details 30 სმ.
504 ## - BIBLIOGRAPHY, ETC. NOTE
Bibliography, etc გამოყენებული ლიტერატურა: გვ. 61-68; 85-87; 100-102; 111-112; 121-123.
653 ## - INDEX TERM--UNCONTROLLED
Uncontrolled term დისერტაცია
653 ## - INDEX TERM--UNCONTROLLED
Uncontrolled term ლაქტატ-აციდოზის და მიტოქონდრიების ფუნქციური უკმარისობის როლი ნევროლოგიური სინდრომების და დაავადებების განვითარებაში
653 ## - INDEX TERM--UNCONTROLLED
Uncontrolled term მედიცინა
653 ## - INDEX TERM--UNCONTROLLED
Uncontrolled term ნევროლოგია
653 ## - INDEX TERM--UNCONTROLLED
Uncontrolled term პედიატრია
700 ## - ADDED ENTRY--PERSONAL NAME
Personal name გელაძე, ნათელა
Relator term სამეცნიერო ხელმძღვანელი
9 (RLIN) 11092
942 ## - ADDED ENTRY ELEMENTS (KOHA)
Koha item type წიგნი
Source of classification or shelving scheme
ეგზემპლარები
ჩამოწერის სტატუსი დაკარგული ეგზემპლარის სტატუსი კლასიფიკაციის წყარო ან თაროზე გაწყობის სქემა დაზიანების სტატუსი არ გაიცემა მუდმივი მდებარეობა (დაცვის ადგილი) ამჟამინდელი ადგილსამყოფელი თაროზე განთავსების ადგილი შეძენის თარიღი სრული შენახვის შიფრი შტრიხკოდი ბოლო ოპერაციის თარიღი ეგზემპლარის მიმდევრობითი ნომერი (კეტერი?) ფასის ძალაში შესვლის თარიღი ეგზემპლარის სახეობა
          ბათუმის შოთა რუსთაველის სახელმწიფო უნივერსიტეტის მთავარი ბიბლიოთეკა ბათუმის შოთა რუსთაველის სახელმწიფო უნივერსიტეტის მთავარი ბიბლიოთეკა წიგნსაცავი 2018-12-17 61 ა-79 250 დისერტ. 2018-12-17 250 2018-12-17 დისერტაცია